| 000 | 02318nam a2200397 i 4500 | ||
|---|---|---|---|
| 001 | 195225 | ||
| 003 | SpMaBN | ||
| 005 | 20250708192855.0 | ||
| 008 | 240603s2016 sp 000 j spa | ||
| 015 | _aMON16 | ||
| 017 |
_aB 14331-2016 _bOficina Depósito Legal Barcelona |
||
| 020 | _a9788432229503 | ||
| 035 | _a(OCoLC)959838202 | ||
| 040 |
_aSpMaBN _bspa _cSpMaBN _erdc _dES-MaACL |
||
| 080 | _a821.134.2(83)-32"20" | ||
| 100 |
_aFlores, Paulina, _d1988- _0XX5636253 _9236794 _eaut |
||
| 240 | 1 | 0 | _aQué vergüenza |
| 245 | 1 | 0 |
_aQué vergüenza / _cPaulina Flores |
| 250 | _aPrimera Edición: septiembre 2016 | ||
| 260 |
_aBarcelona : _bSeix Barral, _c2016. |
||
| 300 |
_a293 páginas ; _c23 cm |
||
| 336 |
_aTexto (visual) _2isbdcontent |
||
| 337 |
_asin mediación _2isbdmedia |
||
| 338 |
_2rdacarrier _avolumen |
||
| 490 | 0 | _aBiblioteca breve | |
| 520 | _aEn estos nueve relatos que conforman su primer libro, Paulina Flores entrega una visión despojada, de una sinceridad apabullante, de la vida actual en las ciudades: mujeres que viven en edificios de viviendas; hombres que, al perder su trabajo, revelan los frágiles cimientos que sustentan la familia; jóvenes que trabajan en bibliotecas o en locales de comida rápida, y que recuerdan el día en que perpetraron un pequeño robo, las razones que los llevaron a separarse o aquel instante en que perdieron, definitivamente, la inocencia. Personajes que, al pasar por el tamiz de Paulina Flores, por su extraña mezcla de crudeza y ternura, de transparencia y densidad, sentimos que conocemos desde siempre. Sus historias se expanden y operan por acumulación, pegándose a nuestra piel. Desde allí Paulina Flores observa y, con una madurez admirable, funda un universo literario deslumbrante. | ||
| 655 | 0 |
_9176540 _aAntologías |
|
| 852 |
_aES-MaACL _cDEPOJ _jN-9997 _hDonación: José Lázaro García _xEncuadernación Rustica _9206144 |
||
| 903 |
_9234219 _aLázaro García, José _ednr |
||
| 942 |
_cMONOGRAFIA _n0 |
||
| 999 |
_c195225 _d195225 |
||